000 00588nam a2200205Ia 4500
005 20250923145922.0
008 008 250917s9999 xx 000 0 eng d
037 _aTextual
040 _aDSWL
_beng
_cDSWL
041 _aeng
_2eng
084 _aY15:7:7.1(Y:434), N91
_qDSWL
100 _aMonsen, J.H.
_9840304
245 0 _aWomen and development in the third world
_c by J.H. Monsen
260 _aLondon
_bRoutledge
_c1991
300 _axi,115p.
365 _aGBP
_b7.99
925 _g7.99
942 _cTEXL
_hY15:7:7.1(Y:434), N91
999 _c1457358
_d1457358